| 000 | 00803nam a22002417a 4500 | ||
|---|---|---|---|
| 003 | LK-CoDNM | ||
| 005 | 20241101105532.0 | ||
| 008 | 241015b |||||||| |||| 00| 0 eng d | ||
| 040 |
_aLK-CoDNM _dLK-CoDNM _eLK-CoDNM |
||
| 041 | _asin | ||
| 080 |
_aප්ර.ය _b3 |
||
| 100 | _aඒ. එම්. ඒ. අශීස් | ||
| 245 |
_aයුධ පෙරමුණ-1944 _b1 කාණ්ඩය 102 කලාපය |
||
| 260 |
_aකොළඹ _bදිනමිණ යන්ත්රාලය _c1944 |
||
| 300 | _b4p. ; 25 cm | ||
| 650 | _aයුධ පෙරමුණ-1944 | ||
| 650 | _a1 කාණ්ඩය 102 කලාපය | ||
| 650 | _aමාසික සගරාව | ||
| 650 | _aප්ර.ය 3 | ||
| 650 | _aඒ. එම්. ඒ. අශීස් | ||
| 650 | _a1944 | ||
| 942 | _cBK | ||
| 999 |
_c225182 _d225182 |
||